Pasos hacia la libertad en cristo : ganando la batalla espiritual / Neil T. Anderson (Registro nro. 44394)
[ vista simple ]
| 000 -LÍDER | |
|---|---|
| Campo fijo de descripción fija | 008300000a22001570004500 |
| 001 - NÚMERO DE CONTROL | |
| Campo de control | 17899 |
| 100 1# - ASIENTO PRINCIPAL--NOMBRE PERSONAL | |
| Nombre personal | Anderson, Neil T. |
| 245 10 - TÍTULO | |
| Título del Material | Pasos hacia la libertad en cristo : ganando la batalla espiritual / Neil T. Anderson |
| 260 ## - PUBLICACIÓN, DISTRIBUCIÓN, ETC. (PIE DE IMPRENTA) | |
| Lugar de publicación, distribución, etc. | México : Audio-Visuales para America Latina |
| 300 ## - DESCRIPCIÓN FÍSICA | |
| Extensión | 32 p. |
| 500 ## - NOTA GENERAL | |
| Nota General | El contenido de este libro es tomado de: Rompiendo las cadenas |
| 505 00 - NOTA DE CONTENIDO | |
| Nota de contenido con formato preestablecido | Oración -- Declaración -- Preparación -- Lo falsificado en contraste a lo real -- Inventario de las experiencias espirituales no cristianas -- El engaño en contraste a la verdad -- La amargura en contraste al perdón -- El orgullo en contraste a la humildad -- Las ataduras en contraste a la libertad -- La conformidad en contraste al rechazo |
| 650 14 - ASIENTO SECUNDARIO DE MATERIA - TERMINO TEMÁTICO | |
| Término temático o nombre geográfico como elemento de entrada | VIDA CRISTIANA \ LIBERTAD (TEOLOGIA) |
| 942 ## - TIPO DE MATERIAL (KOHA) | |
| Tipo de Item KOHA | Libros General |
| Estado de Material | Estado de Perdido | Estado de Dañado | No para Préstamo | Colección | Tomo | Biblioteca de Origen | Biblioteca Permanente | Fecha de Adquisición | Total de Préstamos | Signatura Topográfica | Código de Barras | Última vez visto | Última vez Préstado | Ejemplar/Existencia | Fecha de Remplazo | Tipo de Material |
|---|---|---|---|---|---|---|---|---|---|---|---|---|---|---|---|---|
| Colección Folletos | Biblioteca FUSBC | Biblioteca FUSBC | 20/02/2013 | 1 | AV 0451 | 17890 | 20/10/2021 | 19/10/2021 | 1 | 26/01/2016 | Documentos Archivo Vertical |
